Normal view
MARC view
- كبة، محمد زياد
Entry Personal Name
001 - CONTROL NUMBER
- control field: 66178
003 - CONTROL NUMBER IDENTIFIER
- control field: JO-AjAnu
005 - DATE AND TIME OF LATEST TRANSACTION
- control field: 20240909114301.0
008 - FIXED-LENGTH DATA ELEMENTS
- fixed length control field: 240909|| aca||aabn | a|a d
040 ## - CATALOGING SOURCE
- Original cataloging agency: JO-AjAnu
100 ## - HEADING--PERSONAL NAME
- Personal name: كبة، محمد زياد
- Relator term: مترجم